El algodón /

Guardado en:
Autor Principal: Sundblad, Carolina
Formato: Libro
Publicado: Buenos Aires : Albatros, 1983
Materias:
Etiquetas: Agregar Etiqueta
Sin Etiquetas, Sea el primero en etiquetar este registro!
LEADER 00491nam a22001815a 4500
001 CEM.cems016162
008 130507s1983##################000#0#####d
005 20210916184622.0
003 CEMS
245 1 0 |a El algodón /  |c Carolina Sundblad, 
260 |a Buenos Aires :  |b Albatros,  |c 1983 
300 |a 195 p. 
100 1 |a Sundblad, Carolina 
082 0 4 |a 633.5 
653 |a Algodon-genetica 
653 |a Algodon 
653 |a Agricultura 
859 |a CEMS  |b BIB. CEMS - Agricultura  |h 633.5  |i Su72  |p A12229.83  |t Ej.1